Communications for life roles
| Main Author: | |
|---|---|
| Format: | Book |
| Published: |
Melbourne :
Longman Cheshire ,
1985
|
| Subjects: |
MARC
| LEADER | 00000cam a2200000 7i4500 | ||
|---|---|---|---|
| 001 | 0000000528 | ||
| 002 | 000000613 | ||
| 005 | 20000330.0 | ||
| 020 | |a T000000111 | ||
| 090 | 0 | 0 | |a 305.235 |b MAD |
| 100 | 1 | |a MADDEN, James J | |
| 245 | 1 | 0 | |a Communications for life roles |c James J. Madden |
| 260 | |a Melbourne : |b Longman Cheshire , |c 1985 | ||
| 300 | |a 144p | ||
| 650 | 0 | 0 | |a Young adult |z Australia |x Life skills guides |
| 999 | |a 5093 |b BUKU |c PINJAMAN |e PERPUSTAKAAN KOMUNITI PETALING JAYA | ||